[Event "Hoogovens op"]
[Site "Wijk aan Zee"]
[Date "1993.01.??"]
[Round "7"]
[White "Lobron, Eric"]
[Black "Gelfand, Boris"]
[Result "1/2-1/2"]
[WhiteElo "2620"]
[BlackElo "2690"]
[Annotator "Ftacnik,L"]
[PlyCount "77"]
[EventDate "1993.01.??"]
[EventType "swiss"]
[EventRounds "12"]
[EventCountry "NED"]
[SourceTitle "CBM 034"]
[Source "ChessBase"]
[SourceDate "1993.06.01"]
[SourceVersion "1"]
[SourceVersionDate "1993.06.01"]
[SourceQuality "1"]

1. d4 d5 2. c4 c6 3. Nc3 Nf6 4. e3 e6 5. Nf3 Nbd7 6. Bd3 dxc4 7. Bxc4 b5 8. Be2
Bb7 9. O-O Be7 10. e4 b4 11. e5 bxc3 12. exf6 Nxf6 13. bxc3 O-O 14. Rb1 Qc7 15.
Bf4 Qxf4 16. Rxb7 Nd5 $146 (16... Bd6) 17. g3 (17. Qc2 $5) 17... Qd6 18. c4 Nc3
19. Qc2 (19. c5 $6 Qd5 20. Qc2 Nxe2+ 21. Qxe2 Bf6) 19... Nxe2+ 20. Qxe2 Bf6 21.
Ne5 (21. Rd1 Rfb8 $5) 21... Rad8 (21... Qxd4 $2 22. Nd7 Rfd8 23. Rd1 Qc3 24.
Kg2 $5 $40) 22. Re1 (22. Rfb1 Qxd4 23. Nxc6 Qd2 $10) 22... h6 (22... Bxe5 23.
dxe5 Qc5 24. Reb1 $14) (22... a5 23. a4 h6 $10) 23. h4 (23. Qh5 $5 Qxd4 24.
Nxf7 Rd7 25. Rxd7 Qxd7 26. Ne5 $14) 23... a5 24. a4 Bxe5 25. dxe5 Qa3 $1 26.
Qc2 Rd3 (26... Rd4 $10) 27. Reb1 Rfd8 (27... Rc3 $2 28. Qd2 Rxc4 29. Rb8 {/\Qd6
}) 28. Rb8 g6 29. Kg2 Kg7 30. Rxd8 Rxd8 31. Rb7 Qd3 32. Qxd3 Rxd3 33. Ra7 Rd4
34. Rxa5 Rxc4 35. f4 g5 36. hxg5 hxg5 37. Kf3 gxf4 38. gxf4 Kg6 39. Ra7 1/2-1/2

[Event "Hoogovens op"]
[Site "Wijk aan Zee"]
[Date "1993.01.??"]
[Round "8"]
[White "Gelfand, Boris"]
[Black "Hansen, Lars Bo"]
[Result "1-0"]
[WhiteElo "2690"]
[BlackElo "2545"]
[Annotator "Ftacnik,L"]
[PlyCount "133"]
[EventDate "1993.01.??"]
[EventType "swiss"]
[EventRounds "12"]
[EventCountry "NED"]
[SourceTitle "CBM 034"]
[Source "ChessBase"]
[SourceDate "1993.06.01"]
[SourceVersion "1"]
[SourceVersionDate "1993.06.01"]
[SourceQuality "1"]

1. d4 d5 2. c4 c6 3. Nc3 Nf6 4. e3 e6 5. Nf3 Nbd7 6. Bd3 dxc4 7. Bxc4 b5 8. Bd3
b4 9. Ne4 Be7 10. O-O Bb7 11. Nxf6+ Nxf6 12. e4 O-O 13. e5 Nd7 14. Be4 Rb8 15.
Qc2 h6 16. Be3 c5 17. Bxb7 Rxb7 18. Rfd1 $146 (18. dxc5) 18... Qc8 (18... Qa8
19. Qe4 $14) 19. dxc5 Nxc5 (19... Bxc5 $2 20. Rxd7 $18) (19... Rc7 20. Qe4 Nxc5
21. Qxb4 $16) 20. Rac1 Rc7 $6 (20... Rd8 $1 21. Rxd8+ Qxd8 22. Bxc5 Rc7 23. Qd2
Qxd2 24. Nxd2 Rxc5 $10) 21. Rd4 $1 (21. Rd6 Rd8 22. Nd4 $140 Bxd6 23. exd6 Rxd6
24. Nb5 Nb3 $1 $19) 21... Rd8 22. Rc4 Rdd7 (22... Rd5 23. Nd4 $14) 23. Nd4 Na6
24. Nc6 Bf8 (24... Bc5 25. Bxc5 Rxc6 26. Bd6 $16) 25. h4 Qb7 26. h5 (26. Qa4
Rd5 27. Bxa7 $16) (26. Nxa7 Rxc4 27. Qxc4 Rc7 28. Qf1 Bc5 29. Bxc5 Rxc5 30.
Rxc5 Nxc5 31. Nb5 Qd5 $10) 26... Rd5 27. Qa4 $2 (27. Bxa7 $1 Rxc6 28. Rxc6 Qxa7
29. Qa4 Rd2 30. Rf1 Rxb2 (30... Bc5 31. Rc8+ Kh7 32. Qe8 $18) 31. Rxa6 Qd4 32.
Ra8 Qxe5 33. Rd1 Qc5 34. Qa7 $16) 27... Nc5 28. Bxc5 Qxc6 29. Qxc6 Rxc6 30.
Bxf8 Rxc4 31. Rxc4 Kxf8 32. Rxb4 a5 $1 (32... Rxe5 33. Rb8+ Ke7 34. Rb7+ $16)
33. Rb8+ Ke7 34. Rb7+ Kf8 35. f4 f6 36. Kf2 (36. exf6 gxf6 37. Kf2 Rxh5 38. Ke3
Rd5 $10) 36... fxe5 37. fxe5 Rxe5 38. g4 Re4 39. Kf3 Rc4 40. a3 Rd4 (40... a4
$10) 41. b4 Rd3+ $2 (41... axb4 42. axb4 e5 $10) 42. Ke4 Rxa3 43. b5 a4 44. Ke5
Ra1 (44... Rb3 45. Kxe6 Kg8 46. Kd5 $18) 45. Kxe6 Kg8 46. Kd5 $1 a3 47. Kc4 Kf8
(47... Rg1 $1 48. Ra7 Rxg4+ 49. Kc5 Rg5+ 50. Kc6 Rxh5 51. b6 Rh3 52. b7 Rb3 53.
Ra8+ (53. Rxa3 Rxa3 54. b8=Q+ Kh7 $10) 53... Kf7 54. b8=Q Rxb8 55. Rxb8 Ke6 $1
$10) 48. Kb3 Kg8 (48... a2 49. b6 $18) 49. Ra7 Rb1+ 50. Kc4 Ra1 51. Ra5 (51.
Kc5 Kf8 52. Kb6 Kg8 53. Ra5 Kf8 54. Ka7 $18) 51... Kf7 52. Kb3 Kf6 $2 (52...
Ke6 $1 53. Rxa3 Rg1 54. Ra6+ Kd5 55. Rg6 Kc5 56. Kc3 Kxb5 57. Kd4 Rd1+ 58. Ke5
Rd7 59. Rd6 Rf7 60. Ke6 Rf4 61. g5 hxg5 62. Rd5+ Kc6 63. Rxg5 Re4+ 64. Kf7 Kd6
$10) 53. Rxa3 Rb1+ 54. Kc4 Kg5 55. Rb3 Rc1+ 56. Kd4 Kxg4 57. b6 Rd1+ 58. Ke3
Rd8 59. Rb5 Re8+ 60. Kd4 Rd8+ 61. Rd5 Rc8 62. b7 Rb8 63. Rb5 Kh4 64. Kc4 Kg4
65. Kb4 Rf8 (65... Kh4 66. Ka5 Rxb7 67. Rxb7 Kxh5 68. Rxg7 Kh4 69. Kb4 h5 70.
Kc3 Kh3 71. Kd2 h4 72. Ke2 Kh2 73. Kf2 $18) 66. Ka5 Rg8 67. Rc5 1-0

[Event "Ashdod"]
[Site "Ashdod"]
[Date "2004.12.12"]
[Round "3"]
[White "Kaidanov, Gregory S"]
[Black "Gelfand, Boris"]
[Result "0-1"]
[WhiteElo "2611"]
[BlackElo "2693"]
[Annotator "Gelfand,B"]
[PlyCount "84"]
[EventDate "2004.12.10"]
[EventType "tourn"]
[EventRounds "5"]
[EventCountry "ISR"]
[EventCategory "16"]
[SourceTitle "CBM 105"]
[Source "ChessBase"]
[SourceDate "2005.04.11"]
[SourceVersion "1"]
[SourceVersionDate "2005.04.11"]
[SourceQuality "1"]

1. d4 {Lutz} d5 2. c4 c6 3. Nc3 Nf6 4. e3 e6 5. Nf3 Nbd7 6. Bd3 dxc4 7. Bxc4 b5
8. Bd3 Bb7 9. e4 b4 10. Na4 c5 11. e5 Nd5 12. Nxc5 Nxc5 13. dxc5 Bxc5 14. Ng5
Qc7 15. O-O Qxe5 (15... O-O-O {-87/398}) (15... Rd8 $5 $146 16. Qh5 g6 17. Bb5+
Kf8 18. Qf3 Kg7 19. Be3 Bxe3 20. fxe3 Rdf8 21. e4 Qxe5 22. Nxf7 Qd4+ 23. Rf2
Ne3 $17 {Lputian,S-Fressinet,L/ICC INT 2004 (70)}) 16. Qa4+ Ke7 17. Nxf7 Kxf7 (
17... Qd4 18. Nxh8 Nc3 (18... Qxd3 19. Bg5+ Kf8 20. Qd7) 19. Qa5 Rc8 20. Bg5+
Kf8 21. Ba6 Bxg2 22. Kxg2 Qg4+ $11) 18. Qd7+ Be7 {Lutz: 'Im Vergleich zu
Lputian,S-Dreev zieht Schwarz seinen aktiven Läufer zurück, um schnell mit dem
König in Sicherheit zu gelangen. Dreevs Zug erscheint mir etwas stärker, aber
auch nach Gelfands Zug sollte Schwarz befriedigend stehen.'} (18... Kf6 $5 19.
Qxb7 Rhd8 20. Be3 Rab8 21. Qa6 Nxe3 22. fxe3+ Ke7 $11 {Lputian,S-Dreev,A/ICC
INT 2004}) 19. Qxb7 Rhc8 $1 $11 (19... Rhb8) 20. Qa6 (20. Rb1 Kg8 21. Bd2 Bc5
$11) 20... Bc5 21. Rb1 (21. Kh1 Bb6 (21... Kg8 22. f4 Qf6 23. f5 $36) 22. f4
Qd4 $11) 21... Bb6 (21... Kg8 22. Bd2 (22. Bc2 Bd6) 22... Bb6) 22. Bd2 Kg8 23.
b3 (23. a3 $11) 23... Qd4 (23... Qd6 24. Rbd1 Rc6 25. Qa4 $11) 24. Rbe1 (24.
Rbd1 Rf8) 24... Rd8 $1 25. Re4 $2 {Lutz: 'Nun erhält Schwarz Vorteil.'} (25.
Be3 $1 Nxe3 (25... Qf6 26. Qc4) 26. Rxe3 Rd6 27. Rh3 h6 28. Qc4 $15) 25... Nc7
$1 26. Rxd4 Nxa6 27. Rxd8+ Rxd8 28. Bxa6 Rxd2 $17 29. Bc4 Kf7 30. Kh1 $6 (30.
g3 Kf6 31. Kg2 e5 $17) 30... Bxf2 31. g3 Ke7 32. Ra1 e5 33. a4 e4 34. Rf1 Rc2
$1 (34... g5 35. Kg2 Bd4+ 36. Kh3 h5) 35. Kg2 (35. Bb5 g5) 35... Bd4+ 36. Kh3
Rxc4 $1 37. bxc4 b3 38. Kg4 Kd6 39. Kf4 Kc5 40. Kxe4 Kxc4 41. h4 b2 42. g4 Bb6
0-1

[Event "Groningen PCA"]
[Site "Groningen"]
[Date "1993.??.??"]
[Round "6"]
[White "Chernin, Alexander"]
[Black "Akopian, Vladimir Eduardovic"]
[Result "1/2-1/2"]
[WhiteElo "2615"]
[BlackElo "2615"]
[Annotator "Glatman,V"]
[PlyCount "70"]
[EventDate "1993.12.??"]
[EventType "swiss"]
[EventRounds "11"]
[EventCountry "NED"]
[SourceTitle "CBM 039"]
[Source "ChessBase"]
[SourceDate "1994.04.01"]
[SourceVersion "1"]
[SourceVersionDate "1994.04.01"]
[SourceQuality "1"]

1. d4 d5 2. c4 c6 3. Nc3 Nf6 4. e3 e6 5. Nf3 Nbd7 6. Bd3 dxc4 7. Bxc4 b5 8. Bd3
Bb7 9. a3 b4 (9... a6 10. b4 a5 11. Rb1 axb4 12. axb4 Bd6 (12... Nd5 13. Nxd5
exd5 14. O-O Bd6 15. Qc2 h6 16. Nd2 O-O 17. e4 $14 {Gelfand,B-Tukmakov,V/Wijk
aan Zee/1993/ Inf 56/500/}) 13. O-O O-O 14. Qc2 h6 15. Bd2 Qe7 16. e4 e5 17.
Ne2 exd4 18. Nexd4 Ne5 19. Nxe5 Qxe5 20. Nf3 Qh5 21. Bc3 $16 {Vyzmanavin,
A-IlleskasCordoba,M/Leon/1993/1:0 (39) Inf 57/434/}) 10. Ne4 a5 (10... c5 $5
11. Nxf6+ gxf6 12. O-O Qb6 13. axb4 cxd4 14. exd4 (14. Nxd4 $5 Bxb4 15. Bd2 $14
) 14... Bxb4 15. Qe2 a5 16. Be3 Bd5 17. Nd2 Qb7 18. f3 f5 19. Nc4 O-O 20. Bh6
Rfc8 21. Rac1 Bxc4 22. Bxc4 Bf8 23. Bxf8 Nxf8 $10 {Dreev,A-Illeskas Cordoba,M/
Logrono/1991/ Inf 53/424/}) (10... bxa3 11. bxa3 Be7 12. Nxf6+ Nxf6 13. O-O O-O
14. Rb1 Qc7 15. e4 c5 16. Bf4 $1 Qc8 17. Qe2 c4 18. Bc2 $14 {Gelfand,
B-Brenninkmeijer,J/Wijk aan Zee/1992/1:0 (57) Inf 53/424/}) 11. O-O (11. Nxf6+
Nxf6 12. e4 Be7 13. Qe2 bxa3 14. bxa3 O-O 15. e5 Nd5 16. Qe4 g6 17. Bh6 Re8 18.
h4 c5 $1 $132 {Dokhoian,Y-Gurevich,M/BRD/1992/0:1 (45) Inf 53/425/}) 11... Be7
12. Nxf6+ Nxf6 13. e4 O-O 14. Qc2 h6 15. Rd1 $5 $146 (15. axb4 axb4 16. e5 Nd7
17. Bh7+ Kh8 18. Be4 Qb8 $1 19. Rd1 c5 $132 {Karpov,A-Anand,V/Moscow/1992/0:1 
(50) Inf 56/500/}) 15... c5 $5 (15... bxa3 16. b3 $5 $14) (15... Rc8 16. e5 Nd7
17. Bh7+ Kh8 18. Be4 $14) 16. dxc5 Qc7 17. axb4 axb4 18. Be3 Ng4 $8 19. Bd4 e5
20. c6 $1 (20. h3 exd4 21. hxg4 Qxc5 $13) 20... Bxc6 (20... Qxc6 21. Qxc6 Bxc6
22. Nxe5) 21. h3 (21. Rxa8 Rxa8 22. Nxe5 Nxe5 23. Bxe5 Qxe5 24. Qxc6 Rd8 $14)
21... exd4 22. hxg4 Qb6 (22... Rxa1 $5 23. Rxa1 Rc8 24. Nxd4 (24. Ba6 Bd7 $1)
24... Bd7 25. Qe2 Qf4 26. Nf5 Rc1+ 27. Rxc1 Qxc1+ 28. Kh2 Bf6 $44) 23. Ne5 $1
Rxa1 (23... Rac8 24. Ra6) (23... Bb7 24. Nd7) 24. Rxa1 Be8 $6 (24... Bb5 25.
Qb3 $14) 25. Qc4 $1 $16 Qf6 (25... Bf6 26. Ng6 $1) 26. Ra5 Bd6 27. Nf3 (27.
Qxd4 Bc7 (27... Bd7 28. Rd5 Bxe5 29. Qxe5 Qxe5 30. Rxe5 Bxg4 31. Rb5 Rd8 32.
Bc4 Rd1+ (32... Rd4 33. Rb8+ Kh7 34. Bxf7 Rxe4 35. f3) 33. Kh2 Rd2 34. Rxb4
Rxf2 35. Kg3) 28. Rd5 $16) 27... Qf4 28. e5 Be7 29. Bf5 $6 (29. Qxd4 $5 Qc1+
30. Kh2 Bc6 31. Qc4 $1 $16) 29... g6 $1 (29... h5 $6 30. Qxd4 Qxd4 31. Nxd4 g6
32. Bc8) 30. Bxg6 Bd7 31. Ra7 (31. Bf5 Rc8 $1) 31... Be6 32. Qc2 Rc8 33. Rc7
Ra8 34. Bd3 Ra1+ 35. Bf1 Bf8 (35... Bf8 36. Qd3 Qxg4 37. Qxd4 Rb1 $44) 1/2-1/2

[Event "Voskresensk"]
[Site "Voskresensk"]
[Date "1993.??.??"]
[Round "?"]
[White "Gleizerov, Evgeny"]
[Black "Nalbandian, Tigran"]
[Result "1-0"]
[WhiteElo "2525"]
[BlackElo "2485"]
[Annotator "Glatman,V"]
[PlyCount "93"]
[EventDate "1993.??.??"]
[EventType "tourn"]
[EventRounds "11"]
[EventCountry "RUS"]
[EventCategory "9"]
[SourceTitle "CBM 038"]
[Source "ChessBase"]
[SourceDate "1994.02.01"]
[SourceVersion "1"]
[SourceVersionDate "1994.02.01"]
[SourceQuality "1"]

1. d4 d5 2. c4 c6 3. Nf3 Nf6 4. Nc3 e6 5. e3 Nbd7 6. Bd3 dxc4 7. Bxc4 b5 8. Be2
a6 9. e4 b4 10. e5 bxc3 11. exf6 Nxf6 12. bxc3 Bd6 {Kramnik/} 13. O-O (13. Nd2
O-O 14. Nc4 Be7 (14... Nd5 15. Nxd6 Qxd6 16. Qd2 a5 17. O-O Rd8 18. Rb1 Ba6 19.
Bxa6 Rxa6 20. Qd3 Ra7 21. Rd1 h6 22. c4 Ne7 23. Ba3 Qf4 24. Qe3 $14 {Hansen,
L-Mueller,Mat Groningen 1992/}) 15. Bf3 Bb7 (15... Nd5 16. Ne5 Qb6 17. Bd2 f6
18. Nc4 Qc7 19. O-O c5 20. Qe2 Re8 21. Rfe1 $16 {Polugaevsky,L-Arakhamia,K
Aruba 1992; 15...Bd7!?/}) 16. Rb1 Ra7 17. Ne5 Qc8 18. O-O c5 19. Ba3 Bxf3 20.
Qxf3 Rc7 21. Rfd1 cxd4 22. Bxe7 Rxe7 23. Rxd4 Rc7 24. c4 $16 {Hansen,L.
Bo-Bagirov,V Debrecen 1992 Inf 55/492/}) 13... O-O 14. Bg5 $5 (14. c4 $6 c5 15.
Ba3 Qa5 $1 16. Bxc5 Bxc5 17. dxc5 Rd8 18. Qb3 Qxc5 $15 {Seirawan,J-Kramnik,V
Manila 1992 Inf 55/437/}) 14... Qc7 $5 $146 (14... c5 $6 15. Rb1 $1 h6 16. Bh4
cxd4 17. cxd4 Bd7 18. Ne5 Ra7 19. Qb3 Be7 20. Rfc1 $16 {Jurka,M-Sherbakov,R
Pardubice 1992/}) 15. Bd3 (15. Bxf6 gxf6 16. h3 Bb7 17. Nd2 $6 c5 18. Bf3 cxd4
19. cxd4 Rac8 20. Rb1 Bc6 $1 21. Re1 Rfd8 22. Qe2 Bb5 $17 {Tunik,G-Nalbandian,
T Voskresensk A 1993/}) 15... c5 16. Re1 Bb7 17. Ne5 Bxe5 $2 (17... Rfe8 $6 18.
Bxf6 gxf6 19. Ng4 Be7 20. Nh6+ Kg7 21. Qh5 $16) (17... Nd5 $5 18. Bd2 Rfe8 19.
Qh5 f5 $13) 18. dxe5 $16 Qc6 (18... Nd7 19. Qh5 h6 (19... g6 20. Qh6) 20. Be7
Rfe8 21. Bd6 $16) (18... Nd5 19. Qg4 $1 (19. c4 Nb4 20. Bb1 h6 $10) 19... Rfe8
20. c4 Nb4 21. Bf6 g6 22. Bb1 $16) 19. f3 Nd5 20. c4 Nb4 21. Bb1 h6 (21... Qc7
22. a3 Nc6 23. Qd3 g6 24. Bf6 $18) 22. Be7 Rfe8 23. Bd6 Qb6 24. a3 Nc6 25. Be4
$1 {/\ 25...Nd4 26.Rb1+-/} Na5 26. Rb1 Qa7 27. Bc2 $1 Nc6 (27... Rec8 28. Qd3
g6 29. Qd2 $18) 28. Qd3 $1 g6 29. Ba4 $1 $18 Kg7 30. Qe3 Nd4 (30... Rec8 31.
Bxc5 Qb8 32. Bd6 Qa7 33. Qxa7 Rxa7 34. Bc5 $18) 31. Bxe8 Rxe8 32. Red1 Rd8 33.
Bc7 Nf5 34. Rxd8 $1 Nxe3 35. Bb6 Be4 36. Bxa7 Bxb1 37. Bxc5 Nxc4 38. Bf8+ Kh7
39. Be7 g5 40. Bf6 Nxa3 41. g4 Nb5 42. Rh8+ Kg6 43. Rg8+ Kh7 44. Rg7+ Kh8 45.
Rxg5+ Kh7 46. Rg7+ Kh8 47. h4 1-0

[Event "Lost Boys op"]
[Site "Antwerp"]
[Date "1998.08.02"]
[Round "3"]
[White "Peng, Zhaoqin"]
[Black "Gurevich, Mikhail"]
[Result "0-1"]
[WhiteElo "2420"]
[BlackElo "2635"]
[Annotator "Gurevich,M"]
[PlyCount "118"]
[EventDate "1998.08.??"]
[EventType "swiss"]
[EventRounds "9"]
[EventCountry "BEL"]
[SourceTitle "CBM 067"]
[Source "ChessBase"]
[SourceDate "1998.11.30"]
[SourceVersion "2"]
[SourceVersionDate "1998.11.01"]
[SourceQuality "1"]

1. d4 d5 2. Nf3 c6 3. c4 Nf6 4. Nc3 e6 5. e3 Nbd7 6. Bd3 dxc4 7. Bxc4 b5 8. Bd3
Bb7 9. O-O b4 10. Ne4 Be7 11. Nxf6+ Nxf6 12. e4 O-O 13. Qe2 c5 14. dxc5 Nd7 15.
c6 Bxc6 16. Nd4 {TN} (16. Be3 Bb7 17. Rac1 Qb8 18. g3 Rc8 19. Bf4 e5 20. Rxc8+
Bxc8 21. Bg5 Bf8 22. Rd1 $14 {1-0 Chekhov,V-Bagirov,V/Moscow 1991/URS-ch (46)})
16... Bb7 17. Bb5 Nc5 $5 (17... Ne5 $5 18. Rd1 Qb6 19. Bf4 $13) 18. Nc6 (18.
Rd1 Qb6 19. e5 Rfd8 $132) 18... Bxc6 19. Bxc6 Rc8 20. Bb5 (20. Rd1 Qa5 $1 21.
Bb5 Nb3 $15) 20... Qd4 21. Re1 Rfd8 22. Bf4 Bf6 23. Rab1 {idea 24.b3, 25.Rbd1}
Nd3 (23... a5 24. b3 e5 $13) 24. Bxd3 Qxd3 25. Kf1 (25. Qxd3 Rxd3 26. b3 Rcd8
$15) 25... b3 (25... g5 $5) 26. Qxd3 Rxd3 27. axb3 Rxb3 28. Be3 a5 29. Rec1 Ra8
30. Ra1 $1 $11 Rb5 (30... Bxb2 31. Rxa5 Rbb8 $11) 31. Ra2 h6 32. Rc5 Rxb2 33.
Raxa5 Rd8 $5 34. Rc1 Rb4 35. f3 Rb3 36. Bf4 Rb2 37. Rac5 g5 $1 38. Be3 Rd3 39.
Re1 Ra2 40. Rc8+ $2 $138 (40. Re2 Ra1+ 41. Rc1 $11 Rxe3 $2 42. Rxa1 Rxe2 43.
Ra8+ $18) 40... Kg7 41. Re2 Ra1+ 42. Kf2 (42. Rc1 $2 Rxe3 $1 $19) 42... Be5 $15
43. g3 $6 (43. h3 Bh2 $15) 43... Raa3 $1 $17 {weaknesses e3,f3, with idea 44...
Rxe3} 44. Rc4 Kg6 (44... Bb8 45. Rd4 $1 Rdb3 46. Rd7 $15) 45. Rb4 h5 46. Rc4
Rdb3 $1 {with idea 47...Bb8, 48...Rxe3} 47. Re1 Bb8 $1 48. Rc5 f6 49. Rc2 (49.
Rc8 Rxe3 50. Rxb8 Rxf3+ 51. Kg2 Rfe3 $19) (49. Rc2 {Diagram}) 49... Rxe3 $1 50.
Rxe3 Ba7 51. Rce2 g4 $1 $19 52. Re1 Bd4 53. R1e2 Rd3 54. Re1 Kf7 $1 {idea
Kf7-c3, Rxe3, Kd2} 55. R1e2 Ke7 56. Re1 Kd7 57. R1e2 Kc6 58. Re1 Kb5 59. R1e2
Kc4 0-1

[Event "FRA-chT 9900"]
[Site "France"]
[Date "2000.02.04"]
[Round "1.1"]
[White "Lautier, Joel"]
[Black "Gurevich, Mikhail"]
[Result "1/2-1/2"]
[WhiteElo "2632"]
[BlackElo "2694"]
[Annotator "Gurevich,M"]
[PlyCount "145"]
[EventDate "1999.02.04"]
[EventType "team"]
[EventRounds "11"]
[EventCountry "FRA"]
[SourceTitle "CBM 075"]
[Source "ChessBase"]
[SourceDate "2000.04.05"]
[SourceVersion "1"]
[SourceVersionDate "2000.04.05"]
[SourceQuality "1"]

1. d4 d5 2. c4 c6 3. Nf3 Nf6 4. Nc3 e6 5. e3 Nbd7 6. Bd3 dxc4 7. Bxc4 b5 8. Bd3
Bb7 9. O-O b4 10. Ne4 Be7 11. Nxf6+ Nxf6 12. e4 O-O 13. Qe2 c5 14. dxc5 Nd7 15.
c6 Bxc6 16. Be3 Bb7 17. Rfc1 Qa5 $1 {[TN; /\18...Rfc8]} (17... Qb8 18. g3 Rc8
19. Bf4 Rxc1+ 20. Rxc1 Qd8 21. Bc7 $14 {1/2-1/2 Pinter,J-Pelletier,Y/1998-9
French Team Ch FRA 1999 (39)}) 18. Nd2 Ne5 19. Nb3 Qd8 20. Ba6 (20. Bb1 a5 21.
Nc5 (21. Qb5 Qb8 22. Nxa5 Ng4 23. g3 Bxe4 24. Qxb8 Rfxb8 25. Bxe4 Rxa5 $11)
21... Bxc5 22. Bxc5 Qg5 $132) 20... Bxa6 21. Qxa6 Ng4 $1 $132 22. Bf4 (22. Qe2
Nxe3 23. Qxe3 a5 $132 (23... Bg5 $5 24. f4 Bh6 $132)) 22... Bg5 23. Bxg5 Qxg5 {
[/\ 24...Qf4]} 24. Qd6 $1 e5 $2 (24... Qe5 25. Qxe5 Nxe5 26. Rc7 a5 27. Rac1
$14) (24... a5 $1 25. Qg3 a4 26. Nc5 Rfc8 27. Nd3 Rxc1+ 28. Rxc1 Qd2 $11) 25.
h3 Nf6 26. Qxb4 Nh5 {[/\27...Kf4/\->>>]} 27. Qc3 $1 $14 Rab8 28. Qf3 Nf4 29.
Kh2 f5 30. Rc4 Rb6 31. exf5 Qxf5 32. Qe4 Qxe4 33. Rxe4 Nd3 34. f3 Rc8 35. Re2
$1 $16 Rc7 36. Rd1 Nb4 37. Rxe5 Nxa2 38. Re3 $6 $138 (38. Rd8+ Kf7 39. Rc5 Rxc5
40. Nxc5 Rxb2 41. Rd7+ $16) 38... Nb4 39. Rd8+ Kf7 40. Nd4 Nc6 41. Nxc6 (41.
Rc3 $5 $14) 41... Rbxc6 42. Red3 Rb6 $11 43. R8d7+ Rxd7 44. Rxd7+ Kf6 45. Rd2
a5 {[/\Rb6-b3,a5-a4-a3 ]} 46. g4 a4 47. Kg3 Rb3 48. h4 h6 49. h5 a3 50. bxa3
Rxa3 51. Rd6+ Kf7 52. Kf4 Rb3 53. Ke4 Rb4+ 54. Ke5 Rb5+ 55. Rd5 Rb7 56. f4 Re7+
57. Kf5 Ra7 58. Rb5 Re7 59. Rc5 Ra7 60. Rd5 Rb7 61. Ke4 Ke6 62. Re5+ Kf7 63. g5
Rb4+ 64. Kf5 hxg5 65. fxg5 g6+ 66. hxg6+ Kg7 67. Re7+ Kg8 68. g7 Rb6 69. Ra7
Rc6 70. Kg4 Rb6 71. Kh5 Rc6 72. g6 Rc7 73. Rxc7 1/2-1/2

[Event "Neuchatel op"]
[Site "Neuchatel"]
[Date "1996.??.??"]
[Round "5"]
[White "Milov, Vadim"]
[Black "Gurevich, Mikhail"]
[Result "0-1"]
[WhiteElo "2585"]
[BlackElo "2590"]
[Annotator "Gurevich,M"]
[PlyCount "82"]
[EventDate "1996.05.??"]
[EventType "swiss"]
[EventRounds "7"]
[EventCountry "SUI"]
[SourceTitle "CBM 053"]
[Source "ChessBase"]
[SourceDate "1996.08.01"]
[SourceVersion "1"]
[SourceVersionDate "1996.08.01"]
[SourceQuality "1"]

1. d4 d5 2. c4 c6 3. Nc3 Nf6 4. e3 e6 5. Nf3 Nbd7 6. Bd3 dxc4 7. Bxc4 b5 8. Bd3
Bb7 9. O-O b4 10. Ne4 Be7 11. Nxf6+ Nxf6 12. e4 O-O 13. e5 Nd7 14. Be4 h6 $5 {
TN[/\15...Qb8,16...c5]} (14... Qb8 $6 15. Bg5 $40) (14... Rb8 15. Qc2 h6 16.
Be3 c5 17. Bxb7 Rxb7 18. Rfd1 (18. dxc5 $6 Nxc5 19. Rfd1 Qb8 20. Qc4 Nd7 $1 21.
Qe4 Rc8 22. Rd2 Rbc7 $132 {Beliavsky,A-Anand,V Reggio Emilia 1991 Informator
53/428}) 18... Qc8 19. dxc5 Nxc5 20. Rac1 Rd8 21. Rxd8+ Qxd8 22. Qc4 Nd3 $132 {
San Segundo,P-Antunes,A Linares-z op 1995}) 15. Be3 Qb8 16. Rc1 Rc8 (16... c5
$2 17. dxc5 Bxe4 18. Qxd7 $16) 17. Re1 (17. Qa4 $5 Qc7 18. Rfd1 a5 $13) 17...
c5 18. d5 $5 (18. dxc5 Nxc5 19. Bxb7 Qxb7 $10) 18... exd5 (18... Nxe5 $6 19.
Bxh6 $1 $36 (19. Bf4 Nxf3+ 20. Qxf3 e5 21. Bxe5 Bd6 22. Bxd6 Qxd6 $13) 19...
Nxf3+ (19... gxh6 20. Nxe5 $40 Qxe5 $2 21. Bh7+ $18) 20. Qxf3 $16 f5 (20...
gxh6 21. dxe6 Bxe4 22. Qxf7+ $40) 21. Bxf5 exf5 (21... Bxd5 22. Qg4 $16) 22.
Rxe7 $18) (18... Nb6 $2 19. d6 Bxe4 20. dxe7 Bxf3 21. Qxf3 Qxe5 22. Bxc5 $16
Qxb2 23. Bxb6 Qxc1 (23... axb6 24. Rxc8+ Rxc8 25. Qc6 $18) 24. e8=Q+ Rxe8 25.
Rxc1 $18) 19. Bf5 $6 (19. Bxd5 $142 Nb6 20. Bxb7 Qxb7 {(/\21...c4)} 21. b3 c4
22. Bxb6 (22. Nd4 $5 {(/\23.Qg4->>>)}) 22... axb6 23. Rxc4 Rxa2 $14) 19... Nf8
$1 (19... Qc7 20. e6 fxe6 (20... Nf6 21. exf7+ Kxf7 22. Bxc8 $14 (22. Be6+ $5
Kf8 23. Nh4 $40))) 20. Bxc8 Qxc8 21. Nd2 $5 {[/\22.Nb3]} (21. Nd4 {(/\22.Nb3)}
Qd7 $1 22. Nb3 d4 $132 23. Nxc5 $2 Bxc5 24. Rxc5 Ne6 $1 (24... dxe3 $6 25. Qxd7
Nxd7 26. Rc7 Nxe5 27. f4 (27. Rxb7 exf2+ 28. Kxf2 Nd3+ 29. Kf1 Nxe1 30. Kxe1
$10) (27. Rxe3 Rd8 28. h3 Rd7 29. Rxb7 Rxb7 30. Rxe5 $10) 27... Nd3 28. Rxe3
Ba6 $13) 25. Rc1 (25. Ra5 Qc6 $17) 25... Qd5 $17) 21... Ne6 22. Qg4 $6 {
[/\23.Bxh6,23.f4->>>]} (22. f4 $2 d4 $17) (22. Nb3 $5 Qc7 (22... a5 $6 23. Bxc5
$1 Nxc5 24. Qd4 $16) (22... Qf8 23. Na5 $14) 23. Qg4 $13) (22. Qg4 {[#]}) 22...
h5 $1 23. Qg3 $8 (23. Qxh5 d4 $17) 23... d4 24. Bf4 (24. Bh6 Kf8 25. Bf4 g5)
24... h4 $1 (24... g5 25. Bxg5 Bxg5 26. h4 $16) 25. Qg4 g5 (25... Nxf4 $1 26.
Qxf4 g5 $19 {[#]}) 26. Bxg5 (26. g3 Ng7 $1 27. e6 f5 $19) 26... Nxg5 (26...
Bxg5 27. f4) 27. e6 $1 f5 $1 (27... fxe6 28. Re5 $40) (27... Kf8 28. Qh5 $36)
28. Qf4 (28. Qxf5 Qf8 $17 29. Rxc5 $2 (29. Qxf8+ Kxf8 30. Re5 Rc8 31. f4 Nh7
32. Nb3 d3 $17) 29... Bxc5 30. Qxg5+ Qg7 $19) 28... Qf8 (28... Qc6 $5 29. f3
Rf8 $17) 29. f3 (29. Re5 $2 Qg7 {(/\30...Nh3)} 30. Kf1 Bd6 $19) 29... Rd8 (
29... Qg7 $142 30. Kh1 (30. Kf2 Qf6 $17) (30. Qxf5 $2 Bxf3 $1 31. Nxf3 Rf8 $19)
30... Rf8 $17 {(/\31...Bd5,32...Nxe6)}) 30. Kh1 {[/\31.h3]} (30. Rxc5 $2 Nh3+
$1 31. gxh3 Bxc5 $19) (30. Nb3 d3 $17) 30... h3 $5 31. gxh3 Qf6 (31... Nxh3 32.
Qg3+ (32. Rg1+ Kh7 $17) 32... Ng5 33. h4 Qh6 34. Kg2 $16) 32. Rg1 Kf8 (32...
Kh8 33. Rxc5 (33. Qh4+ Nh7 34. Qxf6+ Nxf6 35. Rg5 $17) 33... Nxh3 $19) 33. Qg3
Ke8 34. Rce1 Nxe6 $138 35. Re5 {[/\36.Rge1]} Rd5 36. Qg8+ Kd7 37. Ree1 {
[/\38.Qb8,38.Rg6]} Nd8 $1 {[/\38...Kc8,39...Rd7]} 38. Nc4 (38. Rg6 Re5 $1 (
38... Qh4 $2 39. Rxe7+ $1 Kxe7 (39... Qxe7 40. Rg7 $36) 40. Rg7+ Kd6 (40... Kf6
41. Qf8+ Ke5 42. Nc4+ Kf4 43. Rg4+ Kxf3 44. Rxh4 Re5 45. Rf4+ $1 Kxf4+ 46. Kg1
$16) 41. Nc4+ Kc6 42. Qe8+) 39. Rxf6 Rxe1+ 40. Kg2 Bxf6 $19) 38... Kc8 $1 $19
39. Qe8 Rd7 40. Ne5 Rc7 41. Rg8 d3 (41... d3 42. Nxd3 Bxf3+ 43. Kg1 Qd4+ 44.
Nf2 Bh4 $19 {(/\45...Rg7)}) 0-1